书目信息 |
| 题名: |
照明 陈设篇
|
|
| 作者: | 刘文忠 主编 | |
| 分册: | ||
| 出版信息: | 天津 天津大学出版社 2007.01 |
|
| 页数: | 124页 | |
| 开本: | 21cm | |
| 丛书名: | 家庭装修全接触系列丛书 | |
| 单 册: | ||
| 中图分类: | TU767 | |
| 科图分类: | ||
| 主题词: | 住宅--zhu zhai--室内装饰--基本知识 , 住宅--zhu zhai--装饰照明--基本知识 | |
| 电子资源: | ||
| ISBN: | 978-7-5618-2381-1 | |
| 000 | 01137nam 2200277 450 | |
| 001 | 012007784374 | |
| 005 | 20071228152558.25 | |
| 010 | @a978-7-5618-2381-1@dCNY28.00 | |
| 100 | @a20071228d2007 km y0chiy0120 ea | |
| 101 | 0 | @achi |
| 102 | @aCN@b120000 | |
| 105 | @aa z 000yy | |
| 106 | @ar | |
| 200 | 1 | @a照明 陈设篇@Azhao ming chen she pian@d= Lighting & decoration@f刘文忠主编@Fliu wen zhong zhu bian@zeng |
| 210 | @a天津@c天津大学出版社@d2007.01 | |
| 215 | @a124页@c图@d21cm | |
| 225 | 2 | @a家庭装修全接触系列丛书@Ajia ting zhuang xiu quan jie chu xi lie cong shu@v二 |
| 330 | @a本书从专业设计角度介绍了家庭装修应该注重的要点,内容精彩、详尽,指导性强。书中精选了多套家居参考实例,风格多样、时尚新潮、精美、实用,是准备装修的家庭主人、装饰公司设计施工人员、设计院校学生及装饰爱好者不可多得的参考书。 | |
| 410 | 0 | @12001 @a家庭装修全接触系列丛书 |
| 510 | 1 | @aLighting & decoration@zeng |
| 606 | 0 | @a住宅@Azhu zhai@x室内装饰@x基本知识 |
| 606 | 0 | @a住宅@Azhu zhai@x装饰照明@x基本知识 |
| 690 | @aTU767@v4 | |
| 701 | 0 | @a刘文忠@Aliu wen zhong@4主编 |
| 801 | 0 | @aCN@bQSSK@c20071228 |
| 905 | @b272926-28@dTU767@eL689@f3 | |
| 照明 陈设篇= Lighting & decoration/刘文忠主编.-天津:天津大学出版社,2007.01 |
| 124页:图;21cm.-(家庭装修全接触系列丛书;二) |
| ISBN 978-7-5618-2381-1:CNY28.00 |
| 本书从专业设计角度介绍了家庭装修应该注重的要点,内容精彩、详尽,指导性强。书中精选了多套家居参考实例,风格多样、时尚新潮、精美、实用,是准备装修的家庭主人、装饰公司设计施工人员、设计院校学生及装饰爱好者不可多得的参考书。 |
| ● |
| 相关链接 |
|
|
|
正题名:照明 陈设篇
索取号:TU767/L689
 
预约/预借
| 序号 | 登录号 | 条形码 | 馆藏地/架位号 | 状态 | 备注 |
| 1 | 272926 | 202729262 | 建筑库201/201建筑库 76排1列4层/ [索取号:TU767/L689] | 在馆 | |
| 2 | 272927 | 202729271 | 建筑库201/201建筑库 76排1列4层/ [索取号:TU767/L689] | 在馆 | |
| 3 | 272928 | 202729280 | 建筑库201/201建筑库 76排1列4层/ [索取号:TU767/L689] | 在馆 |